000
00309nam a2200133Ia 4500
008
230312s9999||||xx |||||||||||||| ||und||
020
_a
978-14354-5986-
082
_a
658.8
_b
QUI-O
100
_a
Quick:nelson
245
0
_a
ORGB Organizational behavior
300
_a
347
650
_a
Management
942
_c
BK
999
_c
14816
_d
14816